[Event "Irwin/Haring/Denker/Barber/Rockefeller Championships 2021"]
[Site "Crowne Plaza Cherry Hill, United States"]
[Date "????.??.??"]
[Round "6.7"]
[White "Vidyarthi, Vyom"]
[Black "Luo, Terry"]
[Result "1/2-1/2"]
[TimeControl "G/90;+30"]
[WhiteTitle "CM"]
[WhiteElo "2284"]
[BlackElo "2232"]

1. d4 {[%clk 01:30:56]} Nf6 {[%clk 01:30:57]} {[%emt 00:00:03]} 2. Nc3 {[%clk
01:31:13]} d5 {[%clk 01:31:24]} 3. Bf4 {[%clk 01:31:35]} g6 {[%clk 01:31:49]} 4.
e3 {[%clk 01:31:54]} Bg7 {[%clk 01:32:16]} 5. h4 {[%clk 01:32:15]} O-O {[%clk
01:26:27]} {[%emt 00:00:04]} 6. h5 {[%clk 01:32:30]} c5 {[%clk 01:26:51]} 7.
hxg6 {[%clk 01:26:17]} hxg6 {[%clk 01:26:34]} 8. Qd2 {[%clk 01:24:34]} Nc6
{[%clk 01:17:30]} 9. O-O-O {[%clk 01:21:55]} Qa5 {[%clk 01:13:59]} {[%emt
00:00:04]} 10. Kb1 {[%clk 01:17:37]} Rd8 {[%clk 01:06:44]} 11. Nf3 {[%clk
01:12:09]} Bg4 {[%clk 01:05:37]} 12. Be2 {[%clk 01:07:12]} Bxf3 13. Bxf3 {[%clk
01:04:51]} Rac8 {[%clk 00:49:32]} {[%emt 00:02:25]} 14. g4 {[%clk 00:57:39]} b5
{[%clk 00:41:14]} 15. Bh6 {[%clk 00:50:36]} Bh8 {[%clk 00:39:48]} 16. Bg5
{[%clk 00:47:24]} Bg7 {[%clk 00:40:06]} 17. Bxf6 {[%clk 00:45:22]} Bxf6 {[%clk
00:35:02]} 18. Nxd5 {[%clk 00:44:49]} b4 {[%clk 00:34:20]} 19. Nxf6+ {[%clk
00:40:52]} exf6 {[%clk 00:34:48]} 20. e4 {[%clk 00:38:28]} g5 {[%clk 00:34:47]}
21. d5 {[%clk 00:38:47]} Ne5 {[%clk 00:35:02]} 22. Be2 {[%clk 00:39:08]} c4
{[%clk 00:33:12]} 23. c3 {[%clk 00:31:27]} Rb8 {[%clk 00:32:41]} 24. Rh3 {[%clk
00:31:16]} bxc3 {[%clk 00:25:57]} 25. Qxc3 {[%clk 00:31:37]} Qxc3 {[%clk
00:21:49]} 26. Rxc3 {[%clk 00:32:05]} Rb4 {[%clk 00:21:17]} 27. f3 {[%clk
00:30:52]} Kf8 {[%clk 00:20:14]} 28. Rdc1 {[%clk 00:29:56]} Ke7 {[%clk
00:14:49]} 29. Bxc4 {[%clk 00:29:27]} Rh8 {[%clk 00:15:00]} 30. a3 {[%clk
00:28:41]} Rbb8 {[%clk 00:15:16]} 31. Be2 {[%clk 00:27:35]} Rh2 {[%clk
00:14:56]} 32. R1c2 {[%clk 00:27:53]} Kd6 {[%clk 00:15:19]} 33. b4 {[%clk
00:26:52]} Rbh8 {[%clk 00:14:13]} 34. b5 {[%clk 00:24:06]} Rh1+ {[%clk
00:14:20]} 35. Kb2 {[%clk 00:21:20]} Re1 {[%clk 00:14:45]} 36. Bc4 {[%clk
00:17:04]} Rh3 {[%clk 00:13:23]} 37. a4 {[%clk 00:17:04]} Rxf3 {[%clk
00:11:54]} 38. Rxf3 {[%clk 00:16:58]} Nxf3 {[%clk 00:12:23]} 39. a5 {[%clk
00:16:50]} Rxe4 {[%clk 00:03:32]} {[%emt 00:04:13]} 40. b6 {[%clk 00:16:24]}
{[%emt 00:01:01]} axb6 {[%clk 00:04:01]} 41. axb6 {[%clk 00:16:49]} Re8 {[%clk
00:03:00]} {[%emt 00:01:28]} 42. b7 {[%clk 00:13:38]} {[%emt 00:03:28]} Nd4
{[%clk 00:03:12]} {[%emt 00:00:24]} 43. Rc1 {[%clk 00:13:11]} {[%emt 00:01:09]}
Rb8 {[%clk 00:02:43]} {[%emt 00:00:59]} 44. Ba6 {[%clk 00:13:39]} Kxd5 {[%clk
00:03:12]} 45. Rc7 {[%clk 00:10:01]} {[%emt 00:04:42]} Nc6 {[%clk 00:03:23]} 46.
Kc3 {[%clk 00:10:18]} Kc5 {[%clk 00:03:37]} {[%emt 00:00:43]} 47. Rxf7 {[%clk
00:09:59]} {[%emt 00:00:09]} Kb6 {[%emt 00:01:27]} 48. Rxf6 {[%clk 00:10:02]}
Kxa6 {[%clk 00:02:17]} {[%emt 00:01:19]} 49. Rxc6+ {[%clk 00:10:29]} {[%emt
00:00:03]} Kxb7 {[%clk 00:02:42]} {[%emt 00:00:03]} 50. Rg6 {[%clk 00:10:11]}
{[%emt 00:01:37]} Ra8 {[%clk 00:03:06]} 51. Rxg5 {[%clk 00:09:28]} {[%emt
00:01:00]} Kc6 {[%clk 00:03:28]} 52. Kd4 {[%clk 00:08:27]} {[%emt 00:01:27]}
Kd6 {[%clk 00:03:52]} 53. Ke4 {[%clk 00:08:22]} {[%emt 00:00:28]} Ke6 {[%clk
00:04:13]} {[%emt 00:00:09]} 54. Rf5 {[%clk 00:08:38]} {[%emt 00:00:07]} Rg8
{[%clk 00:02:50]} {[%emt 00:01:54]} 55. g5 {[%clk 00:08:24]} {[%emt 00:00:46]}
Rg7 {[%clk 00:01:09]} {[%emt 00:02:13]} 56. Rf6+ {[%clk 00:08:29]} {[%emt
00:00:26]} Ke7 {[%clk 00:01:38]} 57. Kf5 {[%clk 00:08:50]} {[%emt 00:00:08]}
Rg8 {[%clk 00:01:21]} {[%emt 00:00:43]} 58. Re6+ {[%clk 00:07:15]} {[%emt
00:02:34]} Kd7 {[%clk 00:01:02]} {[%emt 00:00:20]} 59. Re1 {[%clk 00:07:08]}
{[%emt 00:00:58]} Rf8+ {[%clk 00:01:09]} {[%emt 00:00:25]} 60. Kg6 {[%clk
00:07:31]} Rf2 {[%clk 00:01:27]} 61. Kg7 {[%clk 00:07:43]} {[%emt 00:00:59]}
Rg2 {[%clk 00:01:44]} 62. g6 {[%clk 00:08:07]} Rh2 {[%clk 00:02:10]} 63. Kg8
{[%clk 00:08:25]} Kd8 {[%clk 00:02:38]} 64. g7 {[%clk 00:08:44]} {[%emt
00:00:07]} Kd7 {[%clk 00:03:07]} {[%emt 00:00:03]} 65. Re4 {[%clk 00:09:06]}
{[%emt 00:00:05]} 1/2-1/2

[Event "Irwin/Haring/Denker/Barber/Rockefeller Championships 2021"]
[Site "Crowne Plaza Cherry Hill, United States"]
[Date "????.??.??"]
[Round "6.8"]
[White "Deng, Henry"]
[Black "Chen, Ryo Wenyu"]
[Result "1/2-1/2"]
[TimeControl "G/90;+30"]
[WhiteElo "1993"]
[BlackElo "2304"]

1. e4 {[%clk 01:30:57]} {[%emt 00:01:39]} c5 {[%clk 01:30:57]} 2. Nf3 {[%clk
01:31:23]} d6 {[%clk 01:31:24]} 3. d4 {[%clk 01:31:50]} cxd4 4. Nxd4 {[%clk
01:32:12]} Nf6 {[%clk 01:32:02]} 5. Nc3 {[%clk 01:32:36]} Nc6 {[%clk 01:32:19]}
6. Bg5 {[%clk 01:33:00]} e6 {[%clk 01:32:45]} 7. Bb5 {[%clk 01:33:26]} Bd7
{[%clk 01:33:11]} 8. Qd3 {[%clk 01:33:51]} Be7 {[%clk 01:31:16]} 9. O-O-O
{[%clk 01:34:06]} Nxd4 {[%clk 01:29:48]} 10. Qxd4 {[%clk 01:33:17]} a6 {[%clk
01:02:31]} 11. Bxd7+ {[%clk 01:31:02]} Qxd7 {[%clk 01:02:18]} 12. f4 {[%clk
01:26:23]} Rc8 {[%clk 00:58:21]} 13. Kb1 {[%clk 01:23:06]} Qc6 {[%clk
00:54:57]} 14. Rd2 {[%clk 01:19:35]} Qc5 {[%clk 00:44:25]} 15. Rhd1 {[%clk
01:12:17]} Qxd4 16. Rxd4 {[%clk 01:12:42]} h6 {[%clk 00:39:23]} 17. Bxf6 {[%clk
01:06:31]} gxf6 {[%clk 00:37:44]} 18. a4 {[%clk 01:05:10]} Rg8 {[%clk
00:35:21]} 19. R1d2 {[%clk 01:03:48]} h5 {[%clk 00:32:05]} 20. Nd1 {[%clk
01:01:49]} Kd7 {[%clk 00:24:13]} 21. Ne3 {[%clk 00:55:57]} Rc6 22. Nc4 {[%clk
00:53:36]} Rg4 {[%clk 00:16:24]} 23. e5 {[%clk 00:49:44]} d5 {[%clk 00:15:08]}
24. Ne3 {[%clk 00:49:21]} Rh4 {[%clk 00:13:53]} 25. g3 {[%clk 00:39:37]} fxe5
{[%clk 00:13:57]} 26. fxe5 {[%clk 00:38:28]} Rxd4 {[%clk 00:14:12]} 27. Rxd4
Bc5 {[%clk 00:13:17]} 28. Rd3 {[%clk 00:39:10]} Ke7 {[%clk 00:12:29]} 29. Ng2
{[%clk 00:37:29]} Ba7 {[%clk 00:10:29]} 30. Nf4 {[%clk 00:34:34]} Bb8 {[%clk
00:10:43]} 31. Nxh5 {[%clk 00:33:11]} Bxe5 32. Re3 {[%clk 00:32:56]} f6 {[%clk
00:10:56]} 33. Nf4 {[%clk 00:31:07]} Rc4 {[%clk 00:06:39]} 34. Ng6+ {[%clk
00:31:04]} Kd6 {[%clk 00:07:04]} 35. b3 {[%clk 00:31:05]} Rg4 {[%clk 00:07:00]}
36. Nxe5 {[%clk 00:31:06]} fxe5 {[%clk 00:07:29]} 37. c3 {[%clk 00:30:55]} d4
{[%clk 00:07:03]} 38. cxd4 {[%clk 00:30:18]} exd4 {[%clk 00:07:25]} 39. Re1
{[%clk 00:29:46]} Kd5 {[%clk 00:07:35]} 40. Kc2 {[%clk 00:29:54]} e5 {[%clk
00:08:00]} 41. Kd2 {[%clk 00:29:25]} Rg7 {[%clk 00:07:59]} 42. Rf1 {[%clk
00:27:48]} Rh7 {[%clk 00:07:48]} 43. h4 {[%clk 00:27:31]} Rg7 {[%clk 00:08:12]}
44. h5 {[%clk 00:25:28]} Rxg3 {[%clk 00:08:36]} 45. Rh1 {[%clk 00:25:55]} Rg2+
{[%clk 00:05:59]} 46. Kd1 {[%clk 00:26:02]} Rg7 {[%clk 00:05:38]} 47. h6 {[%clk
00:26:06]} Rh7 {[%clk 00:06:04]} 48. Ke2 {[%clk 00:25:43]} Ke4 {[%clk
00:06:13]} 49. Rh4+ {[%clk 00:25:32]} Kf5 {[%clk 00:06:38]} 50. Rh5+ {[%clk
00:21:55]} Kf4 {[%clk 00:04:38]} 51. Kd3 {[%clk 00:22:01]} {[%emt 00:01:16]} a5
{[%clk 00:04:15]} 52. Rh1 {[%clk 00:20:43]} {[%emt 00:01:42]} Kg5 {[%clk
00:04:21]} {[%emt 00:00:21]} 53. Re1 {[%clk 00:20:53]} {[%emt 00:00:20]} Kf5
{[%clk 00:04:34]} {[%emt 00:00:33]} 54. Rh1 {[%clk 00:20:53]} {[%emt 00:00:52]}
Kg6 {[%clk 00:04:58]} 55. Re1 {[%clk 00:21:02]} Re7 {[%clk 00:05:23]} 56. Rh1
{[%clk 00:20:56]} {[%emt 00:00:36]} Kh7 {[%clk 00:05:48]} {[%emt 00:00:21]} 57.
Rh5 {[%clk 00:20:27]} {[%emt 00:00:46]} b6 {[%clk 00:05:03]} {[%emt 00:01:09]}
58. Ke4 {[%clk 00:19:26]} {[%emt 00:01:53]} Re6 {[%clk 00:05:02]} {[%emt
00:00:26]} 59. Kd3 {[%clk 00:19:20]} {[%emt 00:00:16]} Re8 {[%clk 00:03:49]}
{[%emt 00:01:43]} 60. Ke4 {[%clk 00:19:00]} {[%emt 00:02:09]} Re7 {[%clk
00:03:48]} 61. Kd3 {[%clk 00:19:15]} Re6 {[%clk 00:02:54]} {[%emt 00:02:00]} 62.
Ke4 {[%clk 00:19:29]} Re8 {[%clk 00:02:58]} 63. Kd3 {[%clk 00:19:25]} {[%emt
00:00:56]} Kg6 {[%clk 00:03:10]} 64. Rh1 {[%clk 00:19:35]} Rh8 {[%clk
00:03:35]} 65. Re1 {[%clk 00:19:56]} {[%emt 00:00:13]} Kf5 {[%clk 00:03:33]}
{[%emt 00:00:52]} 66. Rf1+ {[%clk 00:20:05]} Kg5 {[%clk 00:03:37]} {[%emt
00:00:45]} 67. Re1 {[%clk 00:20:23]} Kf4 {[%clk 00:03:56]} 68. Rf1+ {[%clk
00:20:40]} {[%emt 00:00:50]} Kg4 {[%clk 00:04:17]} 69. Rh1 {[%clk 00:20:36]}
{[%emt 00:03:17]} Kf3 {[%clk 00:03:46]} 70. Re1 {[%clk 00:20:36]} Kf4 {[%clk
00:03:52]} 71. Rf1+ {[%clk 00:20:42]} Kg5 {[%clk 00:03:55]} 72. Re1 {[%emt
00:05:43]} Kf6 {[%emt 00:00:43]} 73. Rh1 {[%emt 00:00:51]} Kg6 74. Re1 Re8 75.
Rh1 {[%clk 00:19:11]} {[%emt 00:00:15]} Kh7 {[%clk 00:03:08]} {[%emt 00:02:05]}
76. Rh5 {[%clk 00:19:18]} {[%emt 00:00:45]} Rc8 {[%clk 00:01:53]} {[%emt
00:01:06]} 77. Rxe5 {[%clk 00:19:31]} {[%emt 00:00:47]} Rc3+ {[%clk 00:02:18]}
78. Kxd4 {[%clk 00:19:18]} {[%emt 00:00:45]} Rxb3 {[%clk 00:02:46]} 79. Kd5
{[%clk 00:19:06]} {[%emt 00:00:20]} 1/2-1/2

[Event "Irwin/Haring/Denker/Barber/Rockefeller Championships 2021"]
[Site "Crowne Plaza Cherry Hill, United States"]
[Date "????.??.??"]
[Round "6.9"]
[White "Maiti, Milind"]
[Black "Shen, Christopher"]
[Result "1/2-1/2"]
[TimeControl "G/90;+30"]
[BlackTitle "FM"]
[WhiteElo "2230"]
[BlackElo "2424"]

1. d4 {[%clk 01:30:57]} e6 {[%clk 01:30:54]} {[%emt 00:01:49]} 2. c4 {[%clk
01:31:19]} Bb4+ {[%clk 01:31:17]} 3. Bd2 {[%clk 01:30:57]} a5 {[%clk 01:30:59]}
4. Nf3 {[%clk 01:26:55]} Nf6 {[%clk 01:29:47]} 5. g3 {[%clk 01:24:33]} O-O
{[%clk 01:25:56]} 6. Bg2 {[%clk 01:24:02]} d5 {[%clk 01:26:05]} 7. O-O {[%clk
01:21:35]} c6 {[%clk 01:21:03]} 8. Qc2 {[%clk 01:19:38]} Nbd7 {[%clk 01:19:49]}
9. Rd1 {[%clk 01:17:16]} Be7 {[%clk 01:12:05]} 10. Bf4 {[%clk 01:09:04]} Ne4
{[%clk 01:06:44]} 11. Nc3 {[%clk 00:54:55]} f5 {[%clk 00:59:50]} 12. Ne5 {[%clk
00:49:45]} Qe8 {[%clk 00:44:26]} 13. f3 {[%clk 00:41:23]} Nd6 {[%clk 00:32:09]}
14. c5 {[%clk 00:35:08]} Nf7 {[%clk 00:31:28]} 15. Nxd7 {[%clk 00:26:49]} Bxd7
{[%clk 00:31:26]} 16. e4 {[%clk 00:25:46]} Bg5 {[%clk 00:18:57]} 17. Bxg5
{[%clk 00:12:25]} Nxg5 {[%clk 00:19:26]} 18. h4 {[%clk 00:11:03]} Nf7 {[%clk
00:17:10]} 19. e5 {[%clk 00:09:19]} f4 {[%clk 00:16:11]} 20. g4 {[%clk
00:09:08]} Qe7 {[%clk 00:16:23]} 21. Qf2 {[%clk 00:08:52]} Nh8 {[%clk
00:14:31]} 22. Kh2 {[%clk 00:06:56]} Ng6 {[%clk 00:13:20]} 23. Kh3 {[%clk
00:06:18]} h5 {[%clk 00:12:40]} 24. gxh5 {[%clk 00:05:09]} Nh8 {[%clk
00:12:49]} 25. Bf1 {[%clk 00:04:57]} Rf5 {[%clk 00:11:10]} 26. Bd3 {[%clk
00:04:41]} Rxh5 {[%clk 00:10:36]} 27. Rg1 {[%clk 00:04:45]} Nf7 {[%clk
00:09:33]} {[%emt 00:00:51]} 28. Ne2 {[%clk 00:02:07]} {[%emt 00:03:07]} Rf8
{[%clk 00:08:15]} {[%emt 00:01:49]} 29. Nxf4 {[%clk 00:01:07]} {[%emt
00:01:36]} Ng5+ {[%clk 00:07:42]} {[%emt 00:00:55]} 30. Rxg5 {[%clk 00:01:30]}
{[%emt 00:00:10]} Rxg5 {[%clk 00:07:35]} {[%emt 00:00:45]} 31. hxg5 {[%clk
00:01:30]} {[%emt 00:00:27]} Rxf4 {[%clk 00:07:59]} {[%emt 00:00:25]} 32. Rg1
{[%clk 00:00:49]} {[%emt 00:00:42]} Be8 {[%clk 00:06:50]} {[%emt 00:01:39]} 33.
Rg4 {[%clk 00:00:52]} {[%emt 00:00:37]} Qf8 {[%clk 00:06:53]} {[%emt 00:00:30]}
34. Kg3 {[%clk 00:01:07]} {[%emt 00:00:07]} Rxg4+ {[%clk 00:06:55]} {[%emt
00:00:23]} 35. Kxg4 {[%clk 00:00:55]} {[%emt 00:00:42]} g6 {[%clk 00:06:55]}
{[%emt 00:00:32]} 36. Qh2 {[%clk 00:00:59]} {[%emt 00:00:47]} b6 {[%clk
00:06:04]} {[%emt 00:01:12]} 37. Qf4 {[%clk 00:00:48]} {[%emt 00:00:56]} Qe7
{[%clk 00:05:42]} {[%emt 00:00:25]} 38. Qf6 {[%clk 00:00:51]} {[%emt 00:00:53]}
Qh7 {[%clk 00:05:54]} 39. Qxe6+ {[%clk 00:01:04]} {[%emt 00:00:09]} Bf7 {[%clk
00:06:23]} 40. Qf6 {[%clk 00:00:50]} {[%emt 00:00:56]} Qh5+ {[%clk 00:05:20]}
{[%emt 00:01:21]} 41. Kg3 {[%clk 00:01:18]} {[%emt 00:00:26]} Qh1 {[%clk
00:05:33]} 42. Bxg6 {[%clk 00:00:57]} {[%emt 00:00:53]} Qg1+ {[%clk 00:05:28]}
{[%emt 00:00:35]} 43. Kh4 {[%clk 00:00:54]} {[%emt 00:00:27]} Qh1+ {[%clk
00:04:45]} {[%emt 00:01:37]} 44. Kg3 {[%clk 00:01:05]} Qg1+ {[%clk 00:04:53]}
{[%emt 00:00:35]} 45. Kh3 {[%clk 00:01:15]} Qh1+ {[%clk 00:05:14]} {[%emt
00:00:22]} 46. Kg3 {[%emt 00:00:23]} Qg1+ {[%clk 00:05:32]} 1/2-1/2

[Event "Irwin/Haring/Denker/Barber/Rockefeller Championships 2021"]
[Site "Crowne Plaza Cherry Hill, United States"]
[Date "????.??.??"]
[Round "6.10"]
[White "Ehsani, Yassamin"]
[Black "Kumar, Arya"]
[Result "1/2-1/2"]
[TimeControl "G/90;+30"]
[WhiteTitle "WFM"]
[WhiteElo "2112"]
[BlackElo "2022"]

1. d4 {[%clk 01:30:56]} Nf6 {[%clk 01:30:54]} {[%emt 00:01:43]} 2. c4 {[%clk
01:31:23]} g6 {[%clk 01:31:19]} 3. Nc3 {[%clk 01:31:50]} Bg7 {[%clk 01:31:44]}
4. e4 {[%clk 01:32:16]} d6 {[%clk 01:32:10]} 5. Nge2 {[%clk 01:32:42]} O-O
{[%clk 01:32:29]} {[%emt 00:05:18]} 6. f3 {[%clk 01:33:09]} c5 {[%clk
01:32:46]} 7. d5 {[%clk 01:33:27]} Nbd7 {[%clk 01:33:08]} 8. Ng3 {[%clk
01:33:22]} h5 {[%clk 01:32:49]} 9. Be2 {[%clk 01:27:55]} a6 {[%clk 01:29:39]}
10. a4 {[%clk 01:27:51]} h4 {[%clk 01:29:05]} 11. Nf1 {[%clk 01:28:17]} Qa5
{[%clk 01:25:01]} 12. Bg5 {[%clk 01:18:42]} h3 {[%clk 01:15:45]} 13. g3 {[%clk
01:19:07]} Ne5 {[%clk 01:07:20]} 14. Nd2 {[%clk 01:17:21]} Re8 {[%clk
01:02:27]} 15. O-O {[%clk 01:15:40]} Nh7 {[%clk 00:58:03]} 16. Be3 {[%clk
01:14:53]} f5 {[%clk 00:55:13]} 17. f4 {[%clk 00:57:47]} Nf7 {[%clk 00:46:43]}
18. exf5 {[%clk 00:46:47]} gxf5 {[%clk 00:45:24]} 19. Qc2 {[%clk 00:42:05]} Nf6
{[%clk 00:40:57]} 20. Nf3 {[%clk 00:37:38]} Ng4 {[%clk 00:32:57]} 21. Bd2
{[%clk 00:37:47]} Qc7 {[%clk 00:30:42]} 22. Nd1 {[%clk 00:35:47]} e5 {[%clk
00:28:02]} 23. fxe5 {[%clk 00:34:08]} Nfxe5 {[%clk 00:21:05]} 24. Bc3 {[%clk
00:29:44]} Ng6 {[%clk 00:17:42]} 25. Bd3 {[%clk 00:27:45]} Bxc3 {[%clk
00:15:36]} 26. bxc3 {[%clk 00:25:32]} N6e5 {[%clk 00:13:12]} 27. Nh4 {[%clk
00:22:19]} Nxd3 {[%clk 00:09:52]} 28. Qxd3 {[%clk 00:22:45]} Re4 {[%clk
00:09:31]} 29. Nb2 {[%clk 00:16:59]} Qe7 {[%clk 00:04:34]} 30. Nxf5 {[%clk
00:12:01]} Bxf5 {[%clk 00:04:25]} 31. Rxf5 {[%clk 00:12:29]} Re3 {[%clk
00:03:48]} 32. Qd2 {[%clk 00:11:15]} Rxg3+ {[%clk 00:01:06]} {[%emt 00:02:29]}
33. hxg3 {[%clk 00:10:27]} {[%emt 00:01:35]} h2+ {[%clk 00:01:31]} 34. Kh1
{[%clk 00:10:53]} Qe4+ {[%clk 00:01:47]} {[%emt 00:00:05]} 35. Qg2 {[%clk
00:11:15]} {[%emt 00:00:10]} Qxf5 {[%clk 00:02:12]} {[%emt 00:00:21]} 36. Rf1
{[%clk 00:10:01]} {[%emt 00:01:54]} Qg6 {[%clk 00:01:33]} {[%emt 00:00:51]}
1/2-1/2

[Event "Irwin/Haring/Denker/Barber/Rockefeller Championships 2021"]
[Site "Crowne Plaza Cherry Hill, United States"]
[Date "????.??.??"]
[Round "6.11"]
[White "Chasin, Nico Werner"]
[Black "Park, Evan"]
[Result "0-1"]
[TimeControl "G/90;+30"]
[WhiteTitle "FM"]
[WhiteElo "2411"]
[BlackElo "2352"]

1. d4 {[%clk 01:21:39]} d5 {[%clk 01:30:59]} {[%emt 00:00:30]} 2. c4 {[%clk
01:22:02]} {[%emt 00:00:03]} e6 {[%clk 01:31:27]} 3. Nf3 {[%clk 01:22:25]} c6
{[%clk 01:31:53]} 4. Nbd2 {[%clk 01:21:35]} {[%emt 00:01:08]} f5 {[%clk
01:31:28]} {[%emt 00:00:55]} 5. e3 {[%clk 01:20:28]} {[%emt 00:01:40]} Nf6
{[%clk 01:31:47]} {[%emt 00:00:22]} 6. Bd3 {[%clk 01:20:48]} Bd6 {[%clk
01:32:10]} {[%emt 00:00:05]} 7. b3 {[%clk 01:21:02]} {[%emt 00:00:23]} O-O
{[%clk 01:31:40]} {[%emt 00:00:50]} 8. Bb2 {[%clk 01:21:29]} {[%emt 00:00:31]}
Qe7 {[%clk 01:28:26]} {[%emt 00:03:17]} 9. Ne5 {[%clk 01:18:38]} {[%emt
00:03:53]} Bd7 {[%clk 01:24:58]} {[%emt 00:03:25]} 10. f3 {[%clk 01:15:41]}
{[%emt 00:03:29]} Be8 {[%clk 01:20:58]} {[%emt 00:04:28]} 11. O-O {[%clk
01:14:13]} {[%emt 00:01:57]} Nbd7 {[%clk 01:17:19]} {[%emt 00:04:29]} 12. Qe2
{[%clk 01:08:52]} {[%emt 00:05:40]} c5 {[%clk 01:12:04]} {[%emt 00:06:03]} 13.
g4 {[%clk 01:07:05]} {[%emt 00:02:33]} cxd4 {[%clk 01:01:58]} {[%emt 00:10:06]}
14. exd4 {[%clk 01:06:15]} {[%emt 00:01:41]} dxc4 {[%clk 00:56:17]} {[%emt
00:05:40]} 15. bxc4 {[%clk 01:03:12]} {[%emt 00:03:35]} Nxe5 {[%clk 00:50:42]}
{[%emt 00:06:01]} 16. dxe5 {[%clk 01:02:19]} {[%emt 00:01:30]} Bc5+ {[%clk
00:51:02]} {[%emt 00:00:06]} 17. Kg2 {[%clk 00:57:29]} {[%emt 00:05:17]} Nxg4
{[%clk 00:42:37]} {[%emt 00:09:19]} 18. fxg4 {[%clk 00:55:49]} {[%emt
00:02:24]} Bc6+ {[%clk 00:41:20]} {[%emt 00:01:10]} 19. Kg3 {[%clk 00:51:57]}
{[%emt 00:04:22]} Rad8 {[%clk 00:37:07]} {[%emt 00:05:02]} 20. Nb3 {[%clk
00:40:49]} {[%emt 00:11:27]} f4+ {[%clk 00:33:47]} {[%emt 00:03:41]} 21. Kh3
{[%clk 00:38:16]} {[%emt 00:03:25]} Rxd3+ {[%clk 00:33:43]} {[%emt 00:00:12]}
22. Qxd3 {[%clk 00:36:38]} {[%emt 00:02:11]} Qg5 {[%clk 00:34:01]} {[%emt
00:00:39]} 23. Rf3 {[%clk 00:30:43]} {[%emt 00:06:35]} h5 {[%clk 00:34:23]} 24.
gxh5 {[%clk 00:30:32]} {[%emt 00:00:36]} Qxh5+ {[%clk 00:34:45]} 25. Kg2 {[%clk
00:30:52]} {[%emt 00:00:10]} Qg4+ {[%clk 00:35:11]} 26. Kf1 {[%clk 00:31:10]}
{[%emt 00:00:03]} Qg1+ {[%clk 00:35:00]} {[%emt 00:01:20]} 27. Ke2 {[%clk
00:31:30]} Qg2+ {[%clk 00:34:54]} {[%emt 00:00:03]} 28. Ke1 {[%clk 00:31:55]}
{[%emt 00:00:23]} Bb4+ {[%clk 00:30:22]} {[%emt 00:04:59]} 0-1

[Event "Irwin/Haring/Denker/Barber/Rockefeller Championships 2021"]
[Site "Crowne Plaza Cherry Hill, United States"]
[Date "????.??.??"]
[Round "6.12"]
[White "Su, Jasmine Zhixin"]
[Black "Tang, Austin"]
[Result "1/2-1/2"]
[TimeControl "G/90;+30"]
[WhiteElo "1944"]
[BlackElo "1852"]

1. e4 {[%clk 01:30:59]} c5 {[%clk 01:30:59]} 2. Nf3 {[%clk 01:31:23]} d6 {[%clk
01:31:25]} {[%emt 00:00:03]} 3. d4 {[%clk 01:31:51]} cxd4 {[%clk 01:31:49]} 4.
Nxd4 {[%clk 01:32:20]} Nf6 {[%clk 01:32:11]} 5. Nc3 {[%clk 01:32:47]} {[%emt
00:00:04]} Nc6 {[%clk 01:32:38]} 6. Bg5 {[%clk 01:33:13]} {[%emt 00:00:08]} Qb6
{[%clk 01:32:52]} {[%emt 00:00:15]} 7. Nb3 {[%clk 01:33:35]} {[%emt 00:00:13]}
e6 {[%clk 01:33:14]} 8. Bd3 {[%clk 01:33:53]} {[%emt 00:00:11]} Be7 {[%clk
01:31:48]} {[%emt 00:01:52]} 9. O-O {[%clk 01:33:54]} {[%emt 00:00:38]} O-O
{[%clk 01:29:51]} {[%emt 00:02:24]} 10. Be3 {[%clk 01:33:26]} {[%emt 00:00:55]}
Qc7 {[%clk 01:28:13]} {[%emt 00:02:20]} 11. f4 {[%clk 01:32:47]} {[%emt
00:00:52]} a6 {[%clk 01:19:20]} {[%emt 00:09:56]} 12. Qe2 {[%clk 01:28:39]}
{[%emt 00:04:29]} b5 {[%clk 01:09:42]} {[%emt 00:10:12]} 13. a3 {[%clk
01:24:52]} {[%emt 00:04:37]} Bb7 {[%clk 01:07:43]} {[%emt 00:01:44]} 14. Kh1
{[%clk 01:19:09]} {[%emt 00:06:30]} Nd7 {[%clk 00:58:28]} {[%emt 00:09:28]} 15.
a4 {[%clk 01:09:19]} {[%emt 00:10:40]} b4 {[%clk 00:58:23]} {[%emt 00:00:23]}
16. Nd1 {[%clk 01:09:00]} {[%emt 00:00:51]} a5 {[%clk 00:57:08]} {[%emt
00:01:57]} 17. Nd2 {[%clk 01:04:25]} {[%emt 00:04:42]} Nc5 {[%clk 00:55:32]}
{[%emt 00:02:06]} 18. Nf2 {[%clk 00:54:20]} {[%emt 00:10:35]} Bf6 {[%clk
00:54:20]} {[%emt 00:02:23]} 19. Bxc5 {[%clk 00:51:49]} {[%emt 00:02:19]} dxc5
{[%clk 00:54:08]} {[%emt 00:00:44]} 20. e5 {[%clk 00:51:53]} {[%emt 00:00:25]}
Be7 {[%clk 00:53:42]} {[%emt 00:00:59]} 21. Nf3 {[%clk 00:51:00]} {[%emt
00:01:49]} Rfd8 {[%clk 00:51:27]} {[%emt 00:02:18]} 22. b3 {[%clk 00:48:30]}
{[%emt 00:02:57]} Nd4 {[%clk 00:48:39]} {[%emt 00:03:24]} 23. Nxd4 {[%clk
00:48:24]} {[%emt 00:01:32]} Rxd4 {[%clk 00:48:55]} 24. Nd1 {[%clk 00:46:27]}
{[%emt 00:01:39]} Qc6 {[%clk 00:41:13]} {[%emt 00:08:44]} 25. Ne3 {[%clk
00:43:54]} {[%emt 00:02:56]} Rad8 {[%clk 00:31:22]} {[%emt 00:10:30]} 26. Rad1
{[%clk 00:39:45]} {[%emt 00:04:11]} Qc7 {[%clk 00:26:34]} {[%emt 00:05:40]} 27.
Qh5 {[%clk 00:34:46]} {[%emt 00:05:38]} g6 {[%clk 00:25:53]} {[%emt 00:00:44]}
28. Qe2 {[%clk 00:33:53]} {[%emt 00:01:20]} Kg7 {[%clk 00:25:15]} {[%emt
00:01:00]} 29. Qf2 {[%clk 00:29:08]} {[%emt 00:05:29]} Qc6 {[%clk 00:18:58]}
{[%emt 00:06:33]} 30. Qe2 {[%clk 00:26:13]} {[%emt 00:03:24]} Qc7 {[%clk
00:17:15]} {[%emt 00:02:33]} 31. Nc4 {[%clk 00:26:11]} {[%emt 00:00:22]} h5
{[%clk 00:16:05]} {[%emt 00:01:30]} 32. h3 {[%clk 00:22:50]} {[%emt 00:04:18]}
Ra8 {[%clk 00:12:24]} {[%emt 00:03:49]} 33. Kh2 {[%clk 00:20:51]} {[%emt
00:02:34]} Bc6 {[%clk 00:12:03]} {[%emt 00:00:42]} 34. Ne3 {[%clk 00:17:34]}
{[%emt 00:03:44]} Rad8 {[%clk 00:12:08]} {[%emt 00:00:26]} 1/2-1/2